00899nam a2200217Ia 4500003000900000008004100009020002200050040001600072080002200088111004900110245016200159260003400321300002300355650003600378650003800414650003500452700003200487942000700519999001700526952013800543IN-BaIIA211028s9999 xx 000 0 eng d a978-93-81523-14-8 cIIA Library a063:329(540)bPRO aIndian National Congressn1stcBombay935544 0aProceedings of the Indian National Congressbvol. 1, 1885-1889; proceedings of conference held in Bombay, December 28-30, 1885-1889cedited by Mushirul Hasan aNew DelhibNiyogi Booksc2012 a[various pagings.] aIndian National Congress935545 aOrigine of Indian Congress935546 aResolutions of Congress935547 aHasan, Mushirul, ed.935548 cBK c18502d18502 00104070aBANbBANcGENd2013-01-24eANJ g1500.00l0o063:329(540)/ PROp19424r2021-11-05v1500.00w2013-01-24yBKGRs. 1500.00